书目信息 |
| 书名: | Organic andBiological Chemistry | |
| 作者: | Holum,John R. | |
| 分册号: | ||
| 分册名: | 出版地: | New York : |
|
| 出版社: | J. Wiley | |
| 出版时间: | 1996. | |
| 页数: | New York ; | |
| 开本: | 26cm. | |
| 丛书名: | ||
| 中图分类号: | ||
| 科图分类号: | ||
| 其他分类号: | O62 | |
| 主题词: | ||
| 电子资源: | ||
| 000 | 00392nam 2200145 a 4500 | |
| 001 | E0456104557 | |
| 005 | 2004122315350435 | |
| 008 | 041223s1996 00010 eng | |
| 020 | @a0-471-12972-0 :@cCNY 12.00. | |
| 040 | @aPFT@beng | |
| 090 | @aO62 | |
| 099 | @dO62@eH758 | |
| 245 | @aOrganic andBiological Chemistry / @cHolum,John R. | |
| 260 | @aNew York :@bJ. Wiley,@c1996. | |
| 300 | @aNew York ;@c26cm. | |
| Organic andBiological Chemistry / / Holum,John R.-New York : : J. Wiley, , 1996. |
| New York ; ; 26cm. |
| ISBN 0-471-12972-0 :CNY 12.00. |
| ● |
| 相关链接 |
|
|
|
正题名:Organic andBiological Chemistry
索取号:O62/H758
 
预约/预借
| 序号 | 登录号 | 条形码 | 馆藏地/架位号 | 状态 | 备注 |
| 1 | 05088 | 300050888 | 自科库401/401自科库 62排3列4层/ [索取号:O62/H758] | 在馆 |